Normal view
MARC view
- Hamza Ali
Entry Personal Name
001 - CONTROL NUMBER
- control field: 73213
003 - CONTROL NUMBER IDENTIFIER
- control field: NUST
005 - DATE AND TIME OF LATEST TRANSACTION
- control field: 20210628205002.0
008 - FIXED-LENGTH DATA ELEMENTS
- fixed length control field: 210628|| aca||aabn | a|a d
040 ## - CATALOGING SOURCE
- Original cataloging agency: NUST
- Transcribing agency: NUST
100 ## - HEADING--PERSONAL NAME
- Personal name: Hamza Ali
670 ## - SOURCE DATA FOUND
- Source citation: Work cat.: (NUST): Hamza Ali , TH-SOF-1796-FE Modelling of porous structures using Selective laser melting, 2020
